000 00615nam a2200193 4500
003 CO-ViMGA
020 _a978-958-8826-19-6
040 _aCO-ViMGA
_bspa
_cCO-ViMGA
082 0 4 _a853.8
_bS15c
100 1 _aSalgari, Emilio,
_d1862-1911
_97790
245 1 0 _aEl corsario negro /
_cEmilio Salgari
260 _aBogotá :
_bMundo Litográfico,
_c2014
300 _a95 p. : il. ;
_b22 cm
490 _aColección obra literarias universales ;
_v19
500 _aContiene datos biográficos del autor
650 1 4 _aLibros ilustrados para niños
_987
650 1 4 _aNovela italiana
_ySiglo XIX
_97791
942 _2ddc
_cBK
999 _c37797
_d37797